[Event "Sharjah Master 2024"]
[Site "Shsrjah - Abu Dhabi"]
[Date "2024.05.15"]
[Round "?"]
[White "Shankland, Sam"]
[Black "Sivuk, Vitaly"]
[Result "1-0"]
[WhiteElo "2671"]
[BlackElo "2541"]
[Annotator "Stockfish 16.1"]
[PlyCount "111"]
[EventDate "2024.05.14"]
[EventCountry "UAE"]

{[%evp 11,111,-10,12,6,5,-4,23,25,23,17,24,21,24,16,26,7,20,-21,37,38,55,30,42,33,56,56,60,53,57,57,55,55,57,41,53,47,76,82,110,93,169,162,165,165,239,206,192,203,221,214,259,266,305,331,303,284,334,335,373,371,379,369,371,368,367,366,351,366,424,425,530,375,441,434,478,476,478,476,472,433,439,449,473,450,469,441,464,463,471,466,469,461,487,487,567,551,573,564,883,883,955,1077]} 1. Nf3 {[%eval 14,0]} d5 {[%eval 2,0]} 2. g3 {[%eval 5,0]} Nf6 {[%eval 24,0]} 3. Bg2 {[%eval 13,0]} e6 {[%eval 23,0]} 4. O-O {[%eval 18,0]} Be7 {[%eval 26,0]} 5. d3 {[%eval 0,0]} O-O {[%eval 3,0]} 6. Nbd2 {[%eval 5,0]} Nc6 {[%eval 17,0]} 7. d4 {[%eval 12,0]} a5 {[%eval 6,0]} ({RR} 7... Ne4 8. c3 f5 9. Ne1 e5 10. dxe5 Nxe5 11. Nd3 Ng6 12. c4 Be6 13. cxd5 Nxd2 14. dxe6 Nxf1 15. Kxf1 c6 16. Qb3 Qb6 17. Qc4 Kh8 18. Be3 Qc7 19. f4 Rad8 20. Rc1 Bf6 21. Qb4 Rfe8 22. Bxa7 {Kramnik,V (2801)-Aronian,L (2792) Zuerich 2016 ½-½ (49)}) 8. c4 $146 {[%eval 1,0]} ({RR} 8. Re1 b6 9. e4 dxe4 10. Nxe4 Nxe4 11. Rxe4 Bb7 12. Re1 Bf6 13. c3 Ne7 14. h4 a4 15. Bg5 Bxg5 16. hxg5 {[%eval -56,22]} (16. Nxg5 $11 {[%eval 11,23]} Bxg2 17. Qc2) 16... Ng6 17. Qd2 Ra5 18. b4 axb3 19. axb3 Bxf3 20. Bxf3 Rxg5 21. Bg2 h5 22. Ra8 Qf6 {Malakhov,V (2648)-Lysyj,I (2589) chess.com INT 2024 ½-½ (37)}) ({RR} 8. c3 b6 9. Qc2 Bb7 10. e4 dxe4 11. Ne5 Nxe5 12. dxe5 Nd7 13. Bxe4 Bxe4 14. Qxe4 Nc5 15. Qe2 Qd3 16. Re1 Qxe2 17. Rxe2 Nd3 18. Nf3 Rfd8 19. Be3 b5 20. Nd4 Rd5 21. f4 b4 22. c4 Rd7 {Mammadzada,G (2396)-Fataliyeva,U (2387) Baku AZE 2025 1-0 (34)}) 8... b6 {[%eval 12,0]} 9. b3 {[%eval 2,0] White has an edge.} Bb7 {[%eval 2,0]} 10. Bb2 $146 {[%eval 13,0]} ({RR} 10. a3 Na7 11. Bb2 Nc8 12. Ne5 c6 13. Rc1 Nd6 14. Qc2 Rc8 15. c5 bxc5 16. dxc5 Nb5 17. e4 Nc7 18. Rfd1 Na6 19. Nd3 Nd7 20. b4 axb4 21. axb4 Nc7 22. h4 Ba6 23. Nb3 Bf6 24. Na5 Bxd3 {Lagarde,M (2625)-Deac,B (2639) Chess.com INT 2021 1-0 (46)}) 10... a4 {[%eval 9,0]} 11. cxd5 {[%eval 12,0]} exd5 {[%eval 17,0]} 12. bxa4 {[%eval 12,0]} Bd6 {[%eval 31,0]} 13. Nb1 {[%eval 7,0]} Ne4 {[%eval 14,0]} 14. Nfd2 {[%eval 31,0]} (14. Nc3 {keeps more tension.} Na5 15. Qc2 f6 16. e3 f5 17. Ne5) 14... Nxd2 $6 {[%eval 37,21] Inaccuracy. f5 was best.} (14... f5 15. Nb3 h5 16. Nc3 h4 17. Nxd5 Ne7 18. Nxe7+ Qxe7 19. Nd2 $1 Bd5 20. Qc2) (14... f5 $1 $11 {[%eval -21,22]}) 15. Nxd2 $14 {[%eval 36,0]} Bb4 {[%eval 45,0]} 16. Nb1 {[%eval 31,0]} Na5 {[%eval 38,0]} 17. Bc3 {[%eval 39,0]} Qe7 {[%eval 42,0]} 18. Qc2 {[%eval 52,0]} Bd6 {[%eval 43,0]} 19. e3 {[%eval 56,0]} Qd7 {[%eval 61,0]} 20. Bxa5 {[%eval 58,0]} Rxa5 {[%eval 6,0]} 21. Nc3 {[%eval 56,0]} Rfa8 {[%eval 6,0]} 22. Qb3 {[%eval 41,0]} Bf8 {[%eval 47,0]} 23. Rfc1 {[%eval 49,0]} Rd8 {[%eval 83,0]} 24. Rab1 {[%eval 69,0]} Ba8 {[%eval 112,0]} 25. Qd1 {[%eval 95,0]} Ra6 $6 {[%eval 169,21] Inaccuracy. Rb8 was best.} (25... Rb8) (25... Rb8 $16 {[%eval 93,23] was worth a try.}) 26. Qe2 $18 {[%eval 156,0]} Ra5 {[%eval 161,0]} 27. Rb5 {[%eval 159,0]} c5 $6 {[%eval 239,22] Inaccuracy. g6 was best.} (27... g6 28. h4 Kg7 29. Qc2 Be7 30. Rcb1 Qc6 31. Qb3 Qd7 32. Rxa5 bxa5 33. Ne2) (27... g6 $142 {[%eval 165,25]} 28. Qc2 Kg7) 28. Rxb6 {[%eval 186,0]} cxd4 {[%eval 206,0]} 29. exd4 {[%eval 207,0]} Rc8 {[%eval 212,0]} 30. Qb2 {[%eval 201,0]} Ra7 {[%eval 253,0]} 31. Nb5 {[%eval 249,0] And now Rxc8 would win.} Rxa4 $6 {[%eval 344,0] Inaccuracy. Rxc1+ was best. next ...Rb4 is good for Black.} (31... Rxc1+ 32. Qxc1) 32. Rxc8 {[%eval 339,0]} Qxc8 {[%eval 339,0] [#]} 33. Nc3 $1 {[%eval 308,0][%cal Rc3a4]} Ra3 {[%eval 337,0]} 34. Nxd5 {[%eval 345,0]} Rd3 {[%eval 367,0] [#] aiming for ...Rd1+.} 35. Ne7+ $1 {[%eval 307,0][%mdl 512]} Bxe7 {[%eval 365,0]} 36. Rb8 {[%eval 364,0][%mdl 64] Double Attack} Rd1+ {[%eval 368,0]} 37. Bf1 {[%eval 366,0]} Qf8 {[%eval 369,0]} 38. Rxf8+ {[%eval 306,0]} Bxf8 {[%eval 362,0]} 39. f4 {[%eval 341,0]} Bd5 {[%eval 403,0] intending ...Bc4.} (39... Bc6) 40. Kf2 {[%eval 407,0]} g6 {[%eval 476,0]} 41. Bg2 $6 {[%eval 338,0] Inaccuracy. Ke2 was best.} (41. Ke2 Bf3+ 42. Kxf3 Rxf1+ 43. Ke4 Re1+ 44. Kd3 Rf1 45. Kc4 Rf3 46. a4 Ra3) 41... Bxg2 $6 {[%eval 443,0] Inaccuracy. Be6 was best.} (41... Be6 42. Ke2 Rg1 43. Bf3 Bf5 44. Bd5 Rb1 45. Qc3 Bg4+ 46. Kd3 Bf5+ 47. Ke3) 42. Kxg2 {[%eval 402,0][%mdl 4096] Endgame KQ-KRB. White is clearly winning.} Bg7 {[%eval 462,0]} 43. Qb8+ {[%eval 406,0]} Bf8 {[%eval 451,0]} 44. Qa7 {[%eval 406,0]} Rd2+ {[%eval 438,0]} 45. Kf1 {[%eval 403,0]} Kg7 {[%eval 446,0]} 46. a4 {[%eval 444,0]} Bb4 {[%eval 406,0]} 47. Qb8 {[%eval 451,0]} Be7 {[%eval 454,0]} 48. Qb7 {[%eval 432,0]} Bf6 {[%eval 457,0]} 49. d5 {[%eval 449,0]} Ra2 {[%eval 453,0]} 50. Qc6 {[%eval 458,0]} h5 {[%eval 462,0]} 51. d6 {[%eval 448,0]} Rxh2 {[%eval 499,0]} 52. d7 {[%eval 494,0]} Rd2 {[%eval 518,0]} 53. a5 {[%eval 501,0][%cal Ba4a5,Ba5a6][%mdl 32] Strongly threatening a6.} h4 {[%eval 509,0]} 54. gxh4 {[%eval 507,0]} Rd4 $6 {[%eval 765,0] Inaccuracy. Ra2 was best.} (54... Ra2 55. a6 Bxh4 56. Qc4 Ra3 57. a7 Bf6 58. Qc7 g5 59. fxg5 Bxg5 60. Qe5+) 55. a6 {[%eval 748,0]} Rxf4+ {[%eval 747,0]} 56. Ke2 {[%eval 751,0] Accuracy: White = 86%, Black = 52%.} 1-0

[Event "Chess.com Classic Div 3 L"]
[Site "chess.com INT"]
[Date "2024.05.11"]
[Round "2.2"]
[White "Lobanov, Sergei"]
[Black "Idani, P."]
[Result "1-0"]
[WhiteElo "2507"]
[BlackElo "2605"]
[PlyCount "101"]
[EventDate "2024.05.10"]
[EventType "k.o."]

1. e4 e5 2. Nf3 Nc6 3. g3 g6 4. Bg2 Bg7 5. O-O Nge7 6. c4 O-O 7. Nc3 d6 8. d3 h6 9. h3 f5 10. Nd5 g5 $146 ({RR} 10... Nxd5 11. cxd5 Ne7 12. Bd2 c6 13. Qb3 c5 14. a4 Rf7 15. Nh2 f4 16. g4 Bf6 17. Rfc1 a5 18. Kf1 h5 19. Bf3 Rh7 20. Ke2 Kf8 21. Rg1 Bh4 22. Bc3 b6 23. Nf1 hxg4 24. hxg4 Ng8 25. Nd2 {Nikolac,J (2475)-Timman,J (2590) Wijk aan Zee 1977 0-1 (74)}) ({RR} 10... a5 11. Rb1 g5 12. exf5 Bxf5 13. Be3 Nxd5 14. cxd5 Nb4 15. h4 Bg4 16. hxg5 hxg5 17. a3 Na6 18. Re1 Qf6 19. Bxg5 Qf5 20. Be7 Rf7 21. Re3 Bh6 22. Re4 Bxf3 23. Bxf3 Qxf3 24. Rg4+ Kh7 25. Qxf3 {Gukesh,D (2763)-Caruana,F (2796) Zagreb CRO 2024 0-1 (52)}) 11. exf5 Bxf5 12. Be3 Qd7 13. Kh2 Nxd5 14. cxd5 Nb4 15. d4 e4 16. Nd2 Nxd5 17. Nxe4 Nxe3 18. fxe3 Rae8 19. Qb3+ Kh8 20. Nd2 c6 21. Rae1 Bg6 22. Qa3 Rxf1 23. Rxf1 Qe7 24. Nc4 d5 25. Nd6 Rf8 26. Rxf8+ Bxf8 27. Nxb7 Qf7 28. Qa6 Qc7 29. Qf1 Kg7 30. Nc5 Bxc5 31. dxc5 Qa5 32. Qc1 Qxa2 33. Qc3+ Kf7 34. Qe5 Qa6 35. h4 gxh4 36. gxh4 h5 37. Qc7+ Kf6 38. Qd6+ Kf7 39. Bxd5+ Kg7 40. Bxc6 Qe2+ 41. Bg2 Qxe3 42. c6 Qf2 43. Qe7+ Bf7 44. Qg5+ Bg6 45. c7 Qc2 46. Qe7+ Bf7 47. Qe5+ Kg8 48. Qd6 Kg7 49. Qd4+ Kh7 50. Qe4+ Qxe4 51. Bxe4+ 1-0

[Event "Titled Tue 14th May Early"]
[Site "chess.com INT"]
[Date "2024.05.14"]
[Round "3"]
[White "Nakamura, Hi"]
[Black "Bachmann, Ax"]
[Result "1-0"]
[WhiteElo "2795"]
[BlackElo "2582"]
[PlyCount "109"]
[EventDate "2024.05.14"]

1. b3 d5 2. Bb2 Bf5 3. Nf3 e6 4. g3 Nf6 5. Nh4 Be4 6. f3 Bg6 7. Nxg6 ({RR} 7. Bg2 c5 8. Nxg6 hxg6 9. e4 Nc6 10. e5 Nd7 11. f4 g5 12. f5 Ndxe5 13. fxe6 fxe6 14. Qe2 Bd6 15. Na3 a6 16. O-O-O Nd4 17. Qe1 Qe7 18. Nb1 O-O-O 19. Nc3 Kb8 20. Kb1 g4 21. Na4 Nef3 {Grischuk,A (2772)-Ding,L (2777) Huaian 2017 1-0 (44)}) 7... hxg6 8. e3 $146 ({RR} 8. Bg2 Bc5 9. d4 Be7 10. e4 O-O 11. e5 Nh7 12. h4 c5 13. c3 cxd4 14. cxd4 Nc6 15. f4 Bb4+ 16. Kf2 f6 17. a3 Be7 18. Kg1 Qb6 19. Kh2 g5 20. exf6 Bxf6 21. hxg5 Bxd4 22. Nc3 g6 {Sotnikov,A (2195)-Kanakin,K (1987) Cheliabinsk 2013 1-0}) 8... Bd6 9. f4 Qe7 10. d4 c5 11. Nd2 Nc6 12. c3 Rc8 13. Bg2 b5 14. a3 a5 15. O-O b4 16. axb4 axb4 17. c4 cxd4 18. exd4 O-O 19. c5 Bc7 20. Qe2 Nd7 21. Nf3 Na5 22. Qe3 Ra8 23. Ng5 Qf6 24. Rf2 Nc6 25. Re1 Ra2 26. Ree2 Rfa8 27. Nf3 Qf5 28. Bf1 Nf6 29. Qc1 Ne4 30. Rg2 Qg4 31. Re3 Ne7 32. Ne5 Bxe5 33. dxe5 Nf5 34. Re1 Qf3 35. c6 Rc8 36. Rc2 Qxb3 37. Ree2 Qa4 38. g4 Nh4 39. Re3 b3 40. Rce2 Rxc6 41. Qe1 g5 42. fxg5 Ng6 43. h4 Nxe5 44. Bxe5 Rxe2 45. Rxe2 Rc2 46. Rxc2 bxc2 47. Bb2 Qa7+ 48. Kg2 Qb6 49. Bc1 Qb3 50. Qe3 Qb1 51. g6 fxg6 52. Bd3 Kh7 53. h5 gxh5 54. gxh5 Kh8 55. Qf4 1-0

[Event "Titled Tue 14th May Early"]
[Site "chess.com INT"]
[Date "2024.05.14"]
[Round "6"]
[White "Subelj, Jan"]
[Black "Lobanov, Sergei"]
[Result "1-0"]
[WhiteElo "2511"]
[BlackElo "2507"]
[PlyCount "71"]
[EventDate "2024.05.14"]

1. b3 d5 2. Bb2 Bf5 3. Nf3 e6 4. c4 ({RR} 4. g3 Nf6 5. Nh4 Be4 6. f3 Bg6 7. Bg2 c5 8. Nxg6 hxg6 9. e4 Nc6 10. e5 Nd7 11. f4 g5 12. f5 Ndxe5 13. fxe6 fxe6 14. Qe2 Bd6 15. Na3 a6 16. O-O-O Nd4 17. Qe1 Qe7 18. Nb1 O-O-O {Grischuk,A (2772)-Ding,L (2777) Huaian 2017 1-0 (44)}) 4... Nf6 5. cxd5 ({RR} 5. d3 Be7 6. Nbd2 h6 7. h3 c6 8. a3 a5 9. Qc2 Nbd7 10. g3 Bh7 11. Bg2 O-O 12. O-O Re8 13. Bc3 Bd6 14. b4 axb4 15. axb4 Rxa1 16. Rxa1 e5 17. c5 Bb8 18. e4 b5 19. Ra8 Qc7 {De Santis,A (2137)-Genovese,A (1980) Acqui Terme ITA 2024 ½-½ (33)}) 5... exd5 6. d3 $146 ({RR} 6. Nh4 Be6 7. g3 Be7 8. Bg2 O-O 9. d3 c5 10. O-O Nc6 11. Nf3 d4 12. Nbd2 Nd5 13. Rc1 Rc8 14. a3 f5 15. b4 cxb4 16. axb4 Ndxb4 17. Nb3 Bf6 18. Nc5 Bf7 19. Nxb7 Qe7 20. Nc5 Na2 {Yergin,A (1885)-Terrie,H (2200) Portland 1996 0-1 (40)}) 6... Bd6 7. g3 O-O 8. Bg2 c6 9. O-O Nbd7 10. Nh4 Bg4 11. h3 Be6 12. f4 Nh5 13. Qe1 Re8 14. Bf3 Ndf6 15. e3 Bxh3 16. Rf2 Ng4 17. Re2 Bc5 18. Nf5 Qd7 19. Nd4 Re7 20. Na3 Rae8 21. Nac2 Ngf6 22. Rh2 Bg4 23. Qd1 Nxg3 24. Rg2 Bxf3 25. Qxf3 Nf5 26. Nxf5 Qxf5 27. Rg5 Qe6 28. f5 Qd6 29. Qg2 Bxe3+ 30. Nxe3 Rxe3 31. Rxg7+ Kf8 32. Qg5 Re2 33. Rg8+ Ke7 34. Bxf6+ Qxf6 35. Rxe8+ Kxe8 36. Qxf6 1-0

[Event "Titled Tue 21st May Early"]
[Site "chess.com INT"]
[Date "2024.05.21"]
[Round "2"]
[White "Duda, J."]
[Black "Goryachkina, A."]
[Result "1-0"]
[WhiteElo "2733"]
[BlackElo "2545"]
[PlyCount "91"]
[EventDate "2024.05.21"]

1. b3 d5 2. Bb2 c5 3. e3 a6 4. Nf3 Nc6 5. d4 Nf6 6. dxc5 e6 7. c4 Bxc5 8. cxd5 exd5 9. Be2 O-O 10. O-O Bg4 11. h3 Be6 $146 ({RR} 11... Bh5 12. Nc3 Re8 13. Nh4 Bxe2 14. Nxe2 Ne4 15. Nf3 Qd6 16. Ned4 Qg6 17. Rc1 Ba7 18. Nxc6 bxc6 19. Ne5 Qg5 20. Nxc6 Nxf2 21. Rxf2 Bxe3 22. Rcc2 Re4 23. Nd4 Rae8 24. Nf3 Qg3 25. Kf1 d4 26. Rce2 {Lenderman,A (2533)-Sarana,A (2693) chess.com INT 2023 ½-½ (66)}) 12. Na3 Ne4 13. Nc2 Qd7 14. Ncd4 Bd6 15. Nxe6 fxe6 16. Rc1 Rac8 17. Bd3 Nf6 18. Bb1 Qe7 19. Qe2 e5 20. Rcd1 e4 21. Nd4 Nxd4 22. Bxd4 Be5 23. b4 Bxd4 24. Rxd4 Rc3 25. Bc2 h6 26. Bb3 Kh8 27. Rfd1 Rfc8 28. b5 a5 29. Bxd5 Rc2 30. R1d2 Rc1+ 31. Rd1 R1c2 32. R4d2 Rxd2 33. Rxd2 Rc1+ 34. Rd1 Rxd1+ 35. Qxd1 Qd6 36. Bb3 Qxd1+ 37. Bxd1 Nd7 38. Bc2 Nc5 39. h4 g5 40. Kh2 Kg7 41. Kg3 Kg6 42. f4 Kf6 43. Kg4 gxf4 44. Kxf4 Ne6+ 45. Kxe4 Nc5+ 46. Kd5 1-0

[Event "Titled Tue 28th May Early"]
[Site "chess.com INT"]
[Date "2024.05.28"]
[Round "11"]
[White "Shimanov, A."]
[Black "Karthikeyan, M2."]
[Result "1-0"]
[WhiteElo "2576"]
[BlackElo "2610"]
[PlyCount "71"]
[EventDate "2024.05.28"]

1. g3 e5 2. Bg2 d5 3. d3 Nf6 4. Nf3 Nc6 5. O-O h6 6. Nbd2 Be6 7. e4 dxe4 ({RR} 7... d4 8. Nh4 Nd7 9. h3 g6 10. Qe2 Be7 11. Ndf3 Nb6 12. c3 Qd7 13. Kh2 g5 14. Nf5 Bxf5 15. exf5 Qxf5 16. g4 Qf6 17. Re1 O-O-O 18. c4 Bd6 19. Nd2 e4+ 20. Kg1 exd3 21. Qxd3 Nb4 22. Qe4 {Monteiro,S (1540)-Carvalho,C (1939) Florianopolis BRA 2024 ½-½ (31)}) 8. dxe4 ({RR} 8. Nxe4 Nxe4 9. dxe4 Qxd1 10. Rxd1 Rd8 11. Bd2 Bc5 12. Bc3 f6 13. a3 Kf7 14. h3 a6 15. Bf1 Rd6 16. Rxd6 cxd6 17. Rd1 Rd8 18. b4 Ba7 19. Bb2 d5 20. exd5 Rxd5 21. Rxd5 Bxd5 22. Nd2 Bd4 {Cordova,E (2571)-Bartel,M (2635) chess24.com INT 2019 ½-½ (44)}) 8... Bc5 9. c3 a5 10. Qc2 $146 ({RR} 10. Qe2 O-O 11. Rd1 Qe7 12. Nh4 Ng4 13. Rf1 g6 14. Nc4 Rad8 15. Ne3 Nxe3 16. Bxe3 Bxe3 17. Qxe3 Qg5 18. Qc5 Qd2 19. Nf3 Qd6 20. Qb5 f6 21. Nh4 Kg7 22. f4 Bf7 23. h3 b6 24. Kh2 Qc5 {Ticona Rocabado,L (2146)-Jones,G (2617) chess.com INT 2023 0-1 (40)}) 10... O-O 11. Nb3 Bb6 12. Re1 Ng4 13. Re2 Bc4 14. Rd2 Qe7 15. h3 a4 16. hxg4 axb3 17. axb3 Rxa1 18. bxc4 Rd8 19. Rd5 Rxd5 20. cxd5 Na5 21. Bf1 Nb3 22. Bxh6 gxh6 23. Qxb3 Qc5 24. Qc2 Qc4 25. Nh2 Kg7 26. Kg2 Qa4 27. Qd3 Rd1 28. Qe2 Rc1 29. g5 Rc2 30. gxh6+ Kxh6 31. Ng4+ Kg7 32. Qf3 Kf8 33. Bd3 Rd2 34. Be2 Qc2 35. Nxe5 Ke7 36. Qxf7+ 1-0

[Event "Norway Chess 2024"]
[Site "Stavanger, Norway"]
[Date "2024.05.28"]
[Round "4.2"]
[White "Firouzja, Alireza"]
[Black "Caruana, Fabiano"]
[Result "1-0"]
[WhiteElo "2737"]
[BlackElo "2805"]
[Annotator "Stockfish 16.1 - Chessbase"]
[PlyCount "91"]
[EventDate "2024.??.??"]

1. Nf3 {[%eval 14,0] Stockfish 16.1} d5 {[%eval 18,0]} 2. b3 {[%eval 2,0]} Bf5 {[%eval 3,0]} 3. Bb2 {[%eval 0,0]} Nf6 {[%eval 4,0]} 4. g3 {[%eval 0,0]} ({RR} 4. Nh4 Bd7 5. e3 c5 6. c4 e6 7. Be2 Be7 8. O-O O-O 9. Nf3 Nc6 10. d4 cxd4 11. exd4 Rc8 12. Nbd2 dxc4 13. bxc4 Re8 14. Nb3 Bf8 15. Qd2 Ne7 16. Ne5 g6 17. Bf3 b6 18. Rfe1 Bg7 {1-0 Carlsen,M (2830)-Duda,J (2732) Titled Tue 2nd Jan Early chess.com INT 2024 (10)}) 4... c5 {[%eval 1,0]} ({RR} 4... e6 5. Nh4 Be4 6. f3 Bg6 7. Bg2 c5 8. Nxg6 hxg6 9. e4 Nc6 10. Qe2 Nd4 11. Bxd4 cxd4 12. Qb5+ Qd7 13. Qxd7+ Kxd7 14. e5 Ng8 15. c4 dxc3 16. Nxc3 Ne7 17. f4 Nf5 18. Ne2 Rc8 19. Kd1 {Nakamura,H (2787)-Grischuk,A (2767) Moscow 2018 1-0 (40)}) 5. d3 $146 {[%eval 1,0]} ({RR} 5. Bg2 Nc6 6. O-O e6 7. d3 Be7 8. Nbd2 O-O 9. Re1 ({RR} 9. Ne5 Nxe5 10. Bxe5 Bg6 11. e4 Qd7 12. Qe2 Bh5 13. f3 Rfd8 14. Rad1 h6 15. g4 Bg6 16. f4 b5 17. f5 exf5 18. exf5 Bh7 19. h4 Ne8 20. Qf2 Rac8 21. Qg3 f6 22. Bf4 Kf8 23. c4 Bg8) 9... h6 ({RR} 9... Bg6 10. e4 dxe4 11. dxe4 Qc7 12. Qe2 Rad8 13. Rad1 Rd7 14. Qc4 Rfd8 15. Bxf6 gxf6 16. Re3 Ne5 17. Nxe5 fxe5 18. Rd3 Rxd3 19. cxd3 Rd4 20. Qc3 Bh5 21. Bf3 Bg6 22. Be2 Rd8 23. Nf1 f6 24. Ne3) 10. e4 Bh7 11. Ne5 Nxe5 12. Bxe5 Nd7 13. Bb2 d4 ({RR} 13... Bf6 14. e5 Be7) 14. a4 e5 ({RR} 14... b6 15. Bc1) 15. f4 Qc7 16. Qf3 b6 17. Bh3 Rae8 18. Nc4 Bd6 19. Bc1 Qc6 {½-½ Firouzja,A (2760)-Nepomniachtchi,I (2758) FIDE Candidates Chess Tournaments 2024 Chess.com (9.3)}) ({RR} 5. Bg2 Nc6 6. O-O e6 7. d3 Be7 8. Nbd2 O-O 9. Re1 h6 10. e4 Bh7 11. Ne5 Nxe5 12. Bxe5 Nd7 13. Bb2 d4 14. a4 e5 15. f4 Qc7 16. Qf3 b6 17. Bh3 Rae8 18. Nc4 Bd6 19. Bc1 Qc6 {½-½ Firouzja,A (2760)-Nepomniachtchi,I (2758) FIDE Candidates 2024 Toronto CAN (9.3)}) ({RR} 5. Bg2 Nc6 6. O-O e6 7. d3 Bd6 8. Nbd2 O-O 9. Re1 Bc7 10. e4 Bg4 11. h3 Bh5 12. c3 dxe4 13. dxe4 Qe7 14. Qc2 Rfd8 15. Rad1 Nd7 16. a4 Nde5 17. Ba3 h6 18. g4 Bg6 19. Nxe5 Nxe5 {½-½ Donchenko,A (2633)-Giri,A (2745) Titled Tue 23rd Apr Early chess.com INT 2024 (7)}) ({RR} 5. Bg2 Nc6 6. O-O Qd7 7. Ne5 Nxe5 8. Bxe5 Bh3 9. e3 Bxg2 10. Kxg2 h5 11. h3 Ne4 12. d3 Ng5 13. h4 f6 14. hxg5 fxe5 15. e4 d4 16. Nd2 g6 17. Nf3 Qd6 18. a3 e6 19. Nh4 Rg8 {Adewumi,T (2352)-Narayanan,S (2422) New York USA 2025 ½-½ (53)}) ({RR} 5. Bg2 Nc6 6. O-O e6 7. d3 Be7 8. Nbd2 O-O 9. Re1 h6 10. e4 Bh7 11. Ne5 Nxe5 12. Bxe5 Nd7 13. Bb2 d4 14. a4 e5 15. f4 Qc7 16. Qf3 b6 17. Bh3 Rae8 18. Nc4 Bd6 19. Bc1 Qc6 {Firouzja,A (2760)-Nepomniachtchi,I (2758) Toronto CAN 2024 ½-½ (44)}) 5... Nc6 {[%eval 0,0]} 6. Nh4 $146 {[%eval 42,0]} ({RR} 6. Bg2 e6 7. O-O Bd6 8. Nbd2 O-O 9. Nh4 Bg6 10. c4 Be5 11. Bxe5 Nxe5 12. a3 Rb8 13. Qc2 b6 14. Qb2 d4 15. b4 a6 16. a4 b5 17. cxb5 cxb4 18. Qxb4 a5 19. Qb2 Qb6 20. Rfc1 Bxd3 {Ozkan,C-Gaciu,V Vancouver 2006 1-0 (48)}) 6... Bd7 {[%eval 4,0]} 7. Bg2 {[%eval 46,0]} e5 {[%eval 44,0]} 8. e4 {[%eval 7,0]} Bg4 {[%eval 61,0]} 9. Qc1 {[%eval 76,0]} Be7 {[%eval 57,0]} 10. Nc3 $6 {[%eval -74,0] Inaccuracy. O-O was best.} (10. O-O O-O 11. h3 Be6 12. Nf5 Bxf5 13. exf5 Qd7 14. g4 h5 15. f4 exf4) 10... d4 {[%eval -64,0]} 11. Ne2 {[%eval -63,0]} g6 {[%eval -68,0]} 12. h3 {[%eval -79,0]} Be6 {[%eval -79,0]} 13. Nf3 {[%eval -62,0]} Nd7 {[%eval -59,0]} 14. h4 {[%eval -61,0]} h6 {[%eval -59,0]} 15. Qd1 {[%eval -57,0]} Nf6 {[%eval -72,0]} 16. c3 {[%eval -74,0]} Ng4 {[%eval -71,0]} 17. cxd4 {[%eval -14,0]} cxd4 {[%eval -13,0]} 18. a3 {[%eval -19,0]} a5 {[%eval -14,0]} 19. Rc1 {[%eval -199,0]} Rc8 {[%eval -17,0]} 20. Nd2 {[%eval -13,0]} O-O {[%eval -28,0]} 21. Bh3 {[%eval -183,0]} b5 {[%eval -11,0]} 22. Nf3 {[%eval -162,0]} Bd6 {[%eval -171,0]} 23. Qd2 {[%eval -179,0]} Kh7 {[%eval -173,0]} 24. Rc2 {[%eval -152,0]} Qf6 {[%eval -142,0]} 25. Neg1 $6 {[%eval -396,0] Inaccuracy. Bxg4 was best.} (25. Bxg4 Bxg4 26. Nh2 Bh3 27. Bc1 Kg8 28. Qd1 h5 29. Rg1 a4 30. b4 Qe6) 25... Kg8 $6 {[%eval -138,0] Inaccuracy. Nb4 was best.} (25... Nb4 26. Rc1 Rxc1+ 27. Bxc1 Rc8 28. Kf1 Nxd3 29. Qxd3 Rxc1+ 30. Kg2 Rc3 31. Qxb5) 26. Kf1 {[%eval -299,0]} h5 {[%eval -111,0]} 27. Kg2 {[%eval -102,0]} Bxb3 {[%eval -294,0]} 28. Rc1 {[%eval -104,0]} b4 {[%eval -300,0]} 29. a4 {[%eval -109,0]} Ne7 {[%eval -142,0]} 30. Ne2 {[%eval -114,0]} Rc3 $2 {[%eval -79,0] Mistake. Nc6 was best.} (30... Nc6 31. Rhf1 Be6 32. Ng5 Bd7 33. Bxg4 hxg4 34. f4 gxf3+ 35. Nxf3 Qg7 36. h5) 31. Nxc3 {[%eval -83,0]} dxc3 {[%eval -98,0]} 32. Bxc3 {[%eval -74,0]} bxc3 {[%eval -72,0]} 33. Qxc3 {[%eval -73,0]} Bxa4 {[%eval -75,0]} 34. Qxa5 {[%eval -93,0]} Bd7 {[%eval -79,0]} 35. Qa7 {[%eval -31,0]} Bc8 $2 {[%eval 38,0] Mistake. Bb5 was best.} (35... Bb5 36. Qa2 Nc6 37. Rhd1 Nb4 38. Qb3 Rb8 39. Rd2 Bd7 40. Ng5 Qe7 41. Rb1) 36. Rhf1 {[%eval 66,0]} Bb4 $6 {[%eval 0,0] Inaccuracy. Bb8 was best.} (36... Bb8 37. Qa4) 37. Ng5 {[%eval 52,0]} Bd2 {[%eval 0,0]} 38. Rc7 {[%eval 0,0]} Re8 {[%eval 0,0]} 39. Nf3 {[%eval 14,0]} Bb4 $4 {[%eval 402,0] Blunder. Bh6 was best.} (39... Bh6 40. Qc5 Bf8 41. Bxg4 Bxg4 42. Nxe5 Nf5 43. Nxg4 hxg4 44. Qc6 Qxc6 45. Rxc6) 40. Qa4 {[%eval 432,0]} Nc6 {[%eval 423,0]} 41. Qxc6 {[%eval 421,0]} Qxc6 {[%eval 426,0]} 42. Rxc6 {[%eval 425,0]} Bd7 {[%eval 423,0]} 43. Rc7 {[%eval 418,0]} Be6 {[%eval 427,0]} 44. Ng5 {[%eval 421,0]} Bb3 {[%eval 501,0]} 45. Rb7 {[%eval 501,0]} Bc5 {[%eval 543,0]} 46. Rxb3 {[%eval 537,0]} 1-0